|
|
|
|
| LEADER |
00000cam a22000004a 4500 |
| 001 |
musev2_2440 |
| 003 |
MdBmJHUP |
| 005 |
20230905040326.0 |
| 006 |
m o d |
| 007 |
cr||||||||nn|n |
| 008 |
040112s2004 miu o 00 0 eng d |
| 010 |
|
|
|z 2004000619
|
| 020 |
|
|
|a 9780472024377
|
| 020 |
|
|
|z 9780472114252
|
| 035 |
|
|
|a (OCoLC)741687239
|
| 040 |
|
|
|a MdBmJHUP
|c MdBmJHUP
|
| 043 |
|
|
|a n-us---
|
| 050 |
0 |
4 |
|a KF373.E455
|b A3 2004
|
| 082 |
0 |
|
|a 340/.092
|a B
|2 22
|
| 100 |
1 |
|
|a Silber, Norman Isaac.
|
| 245 |
1 |
0 |
|a With All Deliberate Speed :
|b The Life of Philip Elman /
|c Norman I. Silber.
|
| 264 |
|
1 |
|a Ann Arbor, Mich. :
|b The University of Michigan Press,
|c 2004.
|
| 264 |
|
3 |
|a Baltimore, Md. :
|b Project MUSE,
|c 2012
|
| 264 |
|
4 |
|c ©2004.
|
| 300 |
|
|
|a 1 online resource (440 pages):
|b ill., ports. ;
|
| 336 |
|
|
|a text
|b txt
|2 rdacontent
|
| 337 |
|
|
|a computer
|b c
|2 rdamedia
|
| 338 |
|
|
|a online resource
|b cr
|2 rdacarrier
|
| 504 |
|
|
|a Includes bibliographical references and index.
|
| 505 |
0 |
|
|a A very young adult -- Trials at Harvard -- A new clerk, a new judge -- A regulatory interlude -- The towering Justice Frankfurter -- The rift on the Roosevelt court -- The ear and pen of clerks for life -- Redeployment -- Assignment in Germany -- At the office of the Solicitor General -- The gist of the antitrust thrust -- The solicitor general's office and civil rights -- Unconventional conduct -- The 1960 election -- "Troublemaker" at the Federal Trade Commission -- Reappointment -- The cigarette rule -- Very public acrimony -- Teaching and practice.
|
| 588 |
|
|
|a Description based on print version record.
|
| 600 |
1 |
0 |
|a Elman, Philip.
|
| 650 |
|
0 |
|a Civil rights
|z United States
|x History.
|
| 650 |
|
0 |
|a Lawyers
|z United States
|v Biography.
|
| 650 |
|
0 |
|a Government attorneys
|z United States
|v Biography.
|
| 610 |
1 |
0 |
|a United States.
|b Solicitor General
|x Officials and employees
|v Biography.
|
| 655 |
|
7 |
|a Electronic books.
|2 local
|
| 710 |
2 |
|
|a Project Muse.
|e distributor
|
| 830 |
|
0 |
|a Book collections on Project MUSE.
|
| 856 |
4 |
0 |
|z Texto completo
|u https://projectmuse.uam.elogim.com/book/2440/
|
| 945 |
|
|
|a Project MUSE - Custom Collection
|
| 945 |
|
|
|a Project MUSE - Archive Complete Foundation
|
| 945 |
|
|
|a Project MUSE - Archive History Foundation
|